| 000 | 00415 a2200109 4500 | ||
|---|---|---|---|
| 001 | ART_29933 | ||
| 005 | 20260410162002.0 | ||
| 008 | 260409a | ||
| 245 | 1 | 0 | _aParticipación a partir de acciones cotidianas: ámbito de aplicación de la teoría de la prohibición de regreso |
| 100 | 1 | _aCarrozza, María Soledad | |
| 773 | 0 |
_tIntercátedras _gIV y V Encuentro 2013 - Nº 2 (jun. 2014) _wREV29919 |
|
| 999 |
_c31393 _d31393 |
||